| 000 | 00974nam a22002777a 4500 | ||
|---|---|---|---|
| 001 | 4677 | ||
| 003 | FISKH | ||
| 005 | 20240920090920.0 | ||
| 008 | 240920b cb ||||| |||| 00| 0 eng d | ||
| 040 |
_aFISKH _beng _cFISKH _dFISKH |
||
| 050 | _aPZ7 | ||
| 082 | _a629.454 | ||
| 100 | _aLee, Quinlan B. | ||
| 245 |
_aThe magic school bus Flies to the moon / _cBy Quinlan B. Lee |
||
| 260 |
_aNew York : _bScholastic, _c2008. |
||
| 300 |
_a16 unnumbered pages : _bcolor illustrations ; _c19 cm |
||
| 490 |
_aPhonics Reading Program _vBook 10 |
||
| 505 | _aF | ||
| 520 | _aThe Magic School Bus can transform into any shape to take Ms. Frizzle and her class on amazing field trips! Climb aboard the Magic School Bus to learn about the moon and to read words with the "y" (long i) sound. | ||
| 521 | 8 |
_a340
_bLexile |
|
| 521 | 8 |
_aF
_bRaz-Plus |
|
| 650 |
_aMagic School Bus _vReader |
||
| 650 |
_aSpace _vScience |
||
| 942 |
_2ddc _cBK _n0 |
||
| 999 |
_c4677 _d4677 |
||